Podpora investíciám bez ohľadu na rodný list

Rozhovor o zmenách v stratégii podpory investícií s P. Ondrejkom, generálnym riaditeľom sekcie stratégie rozvoja a podpory podnikania MH. Vývoj prílevu zahraničných investícií v r. 1998-2002 na Slovensku, Česku, Maďarsku, Poľsku a Slovinsku.

Saved in:
Bibliographic Details
Main Author: Špáni, Ivan
Other Authors: Ondrejka, Peter
Format: Book Chapter
Language:Slovak
Subjects:
Tags: Add Tag
No Tags, Be the first to tag this record!

MARC

LEADER 00000naa a2200000 4500
001 r048379
005 20230925123133.0
041 0 |a slo 
044 |a SK 
245 1 0 |a Podpora investíciám bez ohľadu na rodný list  |c Ivan Špáni, Peter Ondrejka 
520 |a Rozhovor o zmenách v stratégii podpory investícií s P. Ondrejkom, generálnym riaditeľom sekcie stratégie rozvoja a podpory podnikania MH. Vývoj prílevu zahraničných investícií v r. 1998-2002 na Slovensku, Česku, Maďarsku, Poľsku a Slovinsku. 
610 2 0 |a investície zahraničné 
610 2 0 |a investori 
610 2 0 |a podpora podnikania 
610 2 0 |a stratégia hospodárska 
610 2 0 |a Slovensko 
100 1 |a Špáni, Ivan 
700 1 |a Ondrejka, Peter